• 首页
  • 本馆介绍
  • 公告通知
  • 最新文献
  • 馆藏检索
  • 电子资源
  • 读者导购
  • 参考咨询
  • 我的图书馆
  • 登录
  • 详细信息显示
  • 放入我的书架
  • 预约/预借图书
  • 作者相关作品
  • 分类相关作品
  • 丛书相关作品
  • 出版社相关作品

书目信息

  • 表格格式
  • 工作单格式
  • 卡片格式
题名:
陶潜评传
    
 
作者: 李锦全 著
分册:  
出版信息: 南京   南京大学出版社  2011.04
页数: 305页
开本: 23cm
丛书名: 中国思想家评传丛书
单 册:
中图分类: K825.6=372
科图分类:
主题词:
电子资源:
ISBN: 978-7-305-05975-9
000 00864oam2 2200265 45
001 512
005 20120604083506.07
010    @a978-7-305-05975-9@dCNY39.00
100    @a20120328d2011 em y0chiy50 ea
101 0  @achi@deng@eeng
102    @aCN@b320000
105    @ay z 001yb
106    @ar
200 1  @a陶潜评传@ATao Qian Ping Chuan@f李锦全著@FLi Jin Quan Zhu
210    @a南京@c南京大学出版社@d2011.04
215    @a305页@d23cm
225 2  @a中国思想家评传丛书@e典藏版
330    @a本书根据晋、宋之际社会经济、政治的变化和学术思潮的影响,结合陶潜的家世与生平,对形成他的思想的外在条件作了概述。
461  0 @12001 @a中国思想家评传丛书
600  0 @a陶渊明@f(365-427)@x评传
600  0 @a陶渊明@f(365-427)
690    @aK825.6=372@v4
701  0 @a李锦全@ALi Jin Quan@4著
801  0 @aCN@bTSTCL@c20120328
905    @b0814967-69@dK825.6=372@e651LJ@f3
    
    陶潜评传/李锦全著.-南京:南京大学出版社,2011.04
    305页;23cm.-(中国思想家评传丛书:典藏版)
    
    
    ISBN 978-7-305-05975-9:CNY39.00
    本书根据晋、宋之际社会经济、政治的变化和学术思潮的影响,结合陶潜的家世与生平,对形成他的思想的外在条件作了概述。
●
相关链接 在E读中查询图书 在五车中查询图书 在当当中查询图书 在豆瓣中查询图书


正题名:陶潜评传     索取号:K825.6=372/651LJ         预约/预借

序号 登录号 条形码 馆藏地/架位号 状态 备注
1 0814967   208149671   第二样本阅览室/ [索取号:K825.6=372/651LJ] 在馆    
2 0814968   208149680   第二借阅区/ [索取号:K825.6=372/651LJ] 在馆    
3 0814969   208149699   第二借阅区/ [索取号:K825.6=372/651LJ] 在馆    
唐山师范学院图书馆 欢迎您!
大连网信软件有限公司© 版权所有